Comuni della Provincia di Chieti (con mappa) - Statistics

Statistiche generali
  • Questo quiz è stato fatto 27 volte
  • Il punteggio medio è 51 su 104
Risposte nella Mappa
Le risposte nella mappa del quiz sottostante sono codificate secondo una scala di colori dal rosso al verde in base alla % di persone che hanno risposto correttamente.
 
Statistiche sulle risposte
Risposta % Corretto
Chieti
100%
Fossacesia
100%
Lanciano
100%
Ortona
100%
Vasto
100%
Atessa
92%
San Salvo
92%
Francavilla al Mare
83%
San Giovanni Teatino
83%
Casoli
75%
San Vito Chietino
75%
Casalbordino
67%
Guardiagrele
67%
Lama dei Peligni
67%
Ripa Teatina
67%
Ari
58%
Arielli
58%
Furci
58%
Gissi
58%
Miglianico
58%
Orsogna
58%
Palena
58%
Palmoli
58%
Pretoro
58%
Rapino
58%
Rocca San Giovanni
58%
Roccascalegna
58%
Scerni
58%
Taranta Peligna
58%
Tollo
58%
Torino di Sangro
58%
Torrebruna
58%
Villa Santa Maria
58%
Altino
50%
Bomba
50%
Bucchianico
50%
Casacanditella
50%
Casalanguida
50%
Casalincontrada
50%
Castel Frentano
50%
Crecchio
50%
Cupello
50%
Fara Filiorum Petri
50%
Fara San Martino
50%
Lettopalena
50%
Monteodorisio
50%
Roccamontepiano
50%
Roccaspinalveti
50%
Tornareccio
50%
Vacri
50%
Villamagna
50%
Archi
42%
Borrello
42%
Canosa Sannita
42%
Carunchio
42%
Fallo
42%
Filetto
42%
Fresagrandinaria
42%
Gessopalena
42%
Giuliano Teatino
42%
Lentella
42%
Montazzoli
42%
Monteferrante
42%
Montelapiano
42%
Paglieta
42%
Palombaro
42%
Pennapiedimonte
42%
Pietraferrazzana
42%
Poggiofiorito
42%
Pollutri
42%
Quadri
42%
Rosello
42%
San Buono
42%
Schiavi di Abruzzo
42%
Torrevecchia Teatina
42%
Torricella Peligna
42%
Villalfonsina
42%
Carpineto Sinello
33%
Castiglione Messer Marino
33%
Civitaluparella
33%
Civitella Messer Raimondo
33%
Colledimezzo
33%
Dogliola
33%
Fraine
33%
Frisa
33%
Gamberale
33%
Guilmi
33%
Liscia
33%
Montebello sul Sangro
33%
Montenerodomo
33%
Mozzagrogna
33%
Perano
33%
Pizzoferrato
33%
San Giovanni Lipioni
33%
San Martino sulla Marrucina
33%
Treglio
33%
Tufillo
33%
Castelguidone
25%
Celenza sul Trigno
25%
Colledimacine
25%
Pennadomo
25%
Roio del Sangro
25%
Santa Maria Imbaro
25%
Sant'Eusanio del Sangro
25%
Nessun quiz corrispondente trovato
Distribuzione punteggi
Percentuale di utenti per punteggio
Percentile per numero di risposta
I tuoi punteggi nel tempo
Non hai fatto questo quiz